| 000 | 00789nam a2200253 a 4500 | ||
|---|---|---|---|
| 003 | DO-SdBNP | ||
| 005 | 20211005122228.0 | ||
| 007 | |||
| 008 | 140609s20uu dr r 000 f spa d | ||
| 020 | _a9993402796 | ||
| 040 |
_aDO-SdBNP _bspa _cBPMSU |
||
| 082 | 4 |
_aRD863.44 _bP515c _222 |
|
| 100 | 1 |
_aPeynado, Jacinto B. _d1941- 2004 |
|
| 245 | 1 | 0 |
_aCarnaval sangriento : _bnovela / _cJacinto Peynado ; edición Marino Berigüete. |
| 260 |
_aSanto Domingo : _bDe colores, _c[200-?] |
||
| 300 |
_a200 p. ; _c21 cm. |
||
| 500 | _aIncluye datos biográficos del autor en la solapa de la cubierta | ||
| 590 | _aInventariado, 2021/VM | ||
| 650 | 4 | _aNovela dominicana | |
| 650 | 4 | _aLiteratura dominicana. | |
| 700 | 1 |
_aBeriguete, Marino, _d1962- |
|
| 910 | _aVMateo V. | ||
| 942 |
_2ddc _cBK |
||
| 999 |
_c13762 _d13762 |
||